|
|
|
|
| LEADER |
00000cam a22000004a 4500 |
| 001 |
musev2_7689 |
| 003 |
MdBmJHUP |
| 005 |
20230905040859.0 |
| 006 |
m o d |
| 007 |
cr||||||||nn|n |
| 008 |
051012s2006 nyu o 00 0 eng d |
| 010 |
|
|
|z 2005029382
|
| 020 |
|
|
|a 9780814761311
|
| 020 |
|
|
|z 0814761313
|
| 020 |
|
|
|z 9780814757093
|
| 020 |
|
|
|z 081475709X
|
| 035 |
|
|
|a (OCoLC)170686950
|
| 040 |
|
|
|a MdBmJHUP
|c MdBmJHUP
|
| 043 |
|
|
|a n-us---
|a n-us-ca
|
| 050 |
0 |
4 |
|a HV95
|b .M2737 2006
|
| 082 |
0 |
|
|a 362.5/84
|2 22
|
| 100 |
1 |
|
|a Marchevsky, Alejandra.
|
| 245 |
1 |
0 |
|a Not Working :
|b Latina Immigrants, Low-Wage Jobs, and the Failure of Welfare Reform /
|c Alejandra Marchevsky and Jeanne Theoharis.
|
| 264 |
|
1 |
|a New York :
|b New York University Press,
|c 2006.
|
| 264 |
|
3 |
|a Baltimore, Md. :
|b Project MUSE,
|c 2012
|
| 264 |
|
4 |
|c ©2006.
|
| 300 |
|
|
|a 1 online resource (336 pages).
|
| 336 |
|
|
|a text
|b txt
|2 rdacontent
|
| 337 |
|
|
|a computer
|b c
|2 rdamedia
|
| 338 |
|
|
|a online resource
|b cr
|2 rdacarrier
|
| 504 |
|
|
|a Includes bibliographical references (p. 245-295) and index.
|
| 505 |
0 |
|
|a Introduction: Latinas on the fault lines of citizenship -- PART I: NEITHER A HANDUP NOR A HANDOUT: Ending welfare: new nativism and the triumph of post-civil rights politics -- Powers in the suburbs: race and redevelopment policy in Long Beach -- PART II: ANY JOB AT ANY WAGE: Tough love in L. A. County: the failure of welfare-to-work -- The myth of welfare dependency: caught between welfare and work -- "It's not what you choose, but where they send you": inside personal responsibility -- Conclusion: The emperor's new welfare: reassessing the "success" of welfare reform.
|
| 588 |
|
|
|a Description based on print version record.
|
| 650 |
|
0 |
|a Immigrants
|z California
|z Long Beach
|x Economic conditions.
|
| 650 |
|
0 |
|a Immigrants
|z California
|z Long Beach
|x Social conditions.
|
| 650 |
|
0 |
|a Mexican American women
|z California
|z Long Beach
|x Economic conditions.
|
| 650 |
|
0 |
|a Mexican American women
|z California
|z Long Beach
|x Social conditions.
|
| 650 |
|
0 |
|a Public welfare
|x Political aspects
|z United States.
|
| 650 |
|
0 |
|a Welfare recipients
|x Employment
|z United States.
|
| 610 |
1 |
0 |
|a United States.
|t Personal Responsibility and Work Opportunity Reconciliation Act of 1996.
|
| 610 |
2 |
0 |
|a Temporary Assistance for Needy Families (Program)
|
| 655 |
|
7 |
|a Electronic books.
|2 local
|
| 700 |
1 |
|
|a Theoharis, Jeanne.
|
| 710 |
2 |
|
|a Project Muse.
|e distributor
|
| 830 |
|
0 |
|a Book collections on Project MUSE.
|
| 856 |
4 |
0 |
|z Texto completo
|u https://projectmuse.uam.elogim.com/book/7689/
|
| 945 |
|
|
|a Project MUSE - Custom Collection
|
| 945 |
|
|
|a Project MUSE - Archive Complete Foundation
|
| 945 |
|
|
|a Project MUSE - Archive Political Science and Policy Studies Foundation
|